000
00304nam a2200121Ia 4500
008
190723s9999 xx 000 0 und d
020
_a
978-81-8473-705-9
100
_a
Nalini Chandar
245
0
_a
Cell and Molecular Biology
260
_a
New Delhi
_b
Wolters kluwer
_c
2010
300
_a
236.:p
942
_c
BK
999
_c
1712
_d
1712